| 000 | 00871cab a22001935a 4500 | ||
|---|---|---|---|
| 001 | L154128 | ||
| 008 | 111018e20111014xxk 000 0 eng d | ||
| 035 | _a(Sirsi) u154128 | ||
| 041 | 0 | _aeng | |
| 100 | 1 | _aWhitmore, James | |
| 245 | 0 | 0 |
_aREITs _byour guide to the forthcoming changes |
| 260 | _v2011 | ||
| 490 | 0 |
_aProperty Week _v77(41) 14 October 2011, 20-21(2) |
|
| 520 | _aGovernment intends to relax the rules controlling REITs allowing property debt companies and housing associations to join the tax-transparent regime in 2013. Explains how the new rules to be introduced in July 2012 will benefit the property industry and how social housing and mortgage REITs would also be a boon if given Treasury backing. | ||
| 590 | _aKA | ||
| 651 | 4 |
_aUnited Kingdom _y |
|
| 690 | _aPROPERTY-PROPERTY FINANCE AND INVESTMENT-REAL ESTATE INVESTMENT TRUSTS | ||
| 942 | _n0 | ||
| 999 |
_c83502 _d83502 |
||